[Event "4NCL Division 1c"]
[Site "Birmingham, ENG"]
[Date "2016.05.02"]
[Round "11.111"]
[White "Vachier-Lagrave, Maxime"]
[Black "Howell, David W L"]
[Result "1/2-1/2"]
[WhiteElo "2788"]
[BlackElo "2678"]
[PlyCount "69"]
[EventDate "2016.05.02"]
[WhiteTeam "Guildford 1"]
[BlackTeam "Cheddleton 1"]

1. e4 e5 2. Nf3 Nc6 3. Bb5 a6 4. Ba4 Nf6 5. O-O Be7 6. Re1 b5 7. Bb3 O-O 8. h3
d6 9. c3 Na5 10. Bc2 c5 11. d4 Nd7 12. Nbd2 exd4 13. cxd4 Nc6 14. d5 Nce5 15.
Nxe5 Nxe5 16. f4 Ng6 17. Nf3 Bh4 18. Rf1 Bg3 19. f5 Ne5 20. Ng5 Qf6 21. Qh5 h6
22. Nf3 a5 23. Rb1 Ba6 24. Nxe5 Bxe5 25. g4 b4 26. g5 Qd8 27. Rf2 hxg5 28. Bxg5
f6 29. Bh6 Bd4 30. Bxg7 Kxg7 31. Qg6+ Kh8 32. Qh6+ Kg8 33. Qg6+ Kh8 34. Qh6+
Kg8 35. Qg6+ 1/2-1/2

[Event "4NCL Division 1c"]
[Site "Birmingham, ENG"]
[Date "2016.05.02"]
[Round "11.112"]
[White "Hawkins, Jonathan"]
[Black "Fressinet, Laurent"]
[Result "1/2-1/2"]
[WhiteElo "2584"]
[BlackElo "2692"]
[PlyCount "42"]
[EventDate "2016.05.02"]
[WhiteTeam "Cheddleton 1"]
[BlackTeam "Guildford 1"]

1. d4 d5 2. c4 e6 3. Nf3 Nf6 4. Nc3 Be7 5. Bg5 O-O 6. e3 h6 7. Bh4 Nbd7 8. Rc1
c5 9. cxd5 Nxd5 10. Bxe7 Nxe7 11. Bb5 cxd4 12. Qxd4 Nf6 13. Qa4 b6 14. O-O Bb7
15. Rfd1 Qb8 16. Be2 Rd8 17. Rxd8+ Qxd8 18. Rd1 Qf8 19. Ne5 Ned5 20. Nxd5 Bxd5
21. Bf3 Bxf3 1/2-1/2

[Event "4NCL Division 1c"]
[Site "Birmingham, ENG"]
[Date "2016.05.02"]
[Round "11.113"]
[White "Jones, Gawain C B"]
[Black "Fodor, Tamas Jr"]
[Result "1-0"]
[WhiteElo "2650"]
[BlackElo "2505"]
[PlyCount "79"]
[EventDate "2016.05.02"]
[WhiteTeam "Guildford 1"]
[BlackTeam "Cheddleton 1"]

1. c4 e5 2. Nc3 Nf6 3. g3 d5 4. cxd5 Nxd5 5. Bg2 Nb6 6. Nf3 Nc6 7. O-O Be7 8.
Rb1 Be6 9. b4 e4 10. Nxe4 Bxa2 11. Ra1 Nxb4 12. Rxa2 Nxa2 13. Bb2 Nb4 14. Bxg7
Rg8 15. Ba1 N4d5 16. Qc2 a5 17. d4 Nb4 18. Qc1 Nd7 19. Qh6 Nf8 20. Ne5 c6 21.
Bf3 Ra6 22. Bh5 Rg6 23. Qf4 f6 24. Nxg6 hxg6 25. Bf3 Ne6 26. Qh6 Kf7 27. Qh7+
Ng7 28. d5 cxd5 29. Ng5+ fxg5 30. Qxg7+ Ke8 31. Rc1 Qd7 32. Qh8+ Bf8 33. Qe5+
Qe6 34. Qb8+ Kf7 35. Rc8 Bd6 36. Qxb7+ Be7 37. Rh8 Rc6 38. Qb8 Rc1+ 39. Kg2
Rxa1 40. Rh7+ 1-0

[Event "4NCL Division 1c"]
[Site "Birmingham, ENG"]
[Date "2016.05.02"]
[Round "11.114"]
[White "Arkell, Keith C"]
[Black "Short, Nigel D"]
[Result "1/2-1/2"]
[WhiteElo "2448"]
[BlackElo "2671"]
[PlyCount "43"]
[EventDate "2016.05.02"]
[WhiteTeam "Cheddleton 1"]
[BlackTeam "Guildford 1"]

1. Nf3 d5 2. d4 Nc6 3. c4 Bg4 4. Nc3 e6 5. cxd5 exd5 6. Bg5 Be7 7. Bxe7 Ngxe7
8. e3 O-O 9. Be2 Nc8 10. O-O Bxf3 11. Bxf3 Nb6 12. Na4 Nxa4 13. Qxa4 Qd6 14.
Rfc1 Ne7 15. b4 a6 16. Qc2 c6 17. a4 g6 18. g3 h5 19. b5 axb5 20. axb5 Ra3 21.
Rxa3 Qxa3 22. bxc6 1/2-1/2

[Event "4NCL Division 1c"]
[Site "Birmingham, ENG"]
[Date "2016.05.02"]
[Round "11.115"]
[White "Edouard, Romain"]
[Black "Eggleston, David J"]
[Result "1/2-1/2"]
[WhiteElo "2632"]
[BlackElo "2400"]
[PlyCount "81"]
[EventDate "2016.05.02"]
[WhiteTeam "Guildford 1"]
[BlackTeam "Cheddleton 1"]

1. d4 Nf6 2. c4 e6 3. Nc3 Bb4 4. e3 O-O 5. Bd3 d5 6. Nf3 c5 7. O-O dxc4 8. Bxc4
cxd4 9. exd4 b6 10. Bg5 Bb7 11. Qe2 Bxc3 12. bxc3 Nbd7 13. Nd2 Rc8 14. Rac1 Re8
15. Bb5 Bc6 16. Ba6 Ra8 17. f4 Qc7 18. Bd3 Rab8 19. Nf3 h6 20. Ne5 hxg5 21.
Nxc6 Qxc6 22. fxg5 Nd5 23. Bh7+ Kf8 24. Qh5 f5 25. Bxf5 exf5 26. Rxf5+ N5f6 27.
gxf6 Nxf6 28. Rcf1 Rbc8 29. Rg5 Kg8 30. Qg6 Re7 31. Rxf6 Qxc3 32. h3 Qxd4+ 33.
Kh2 Rc1 34. Rgf5 Qg1+ 35. Kg3 Rc3+ 36. Kh4 Re4+ 37. Rf4 Qe1+ 38. g3 Rxf4+ 39.
Rxf4 Qe7+ 40. Kh5 Qe2+ 41. Kh4 1/2-1/2

[Event "4NCL Division 1c"]
[Site "Birmingham, ENG"]
[Date "2016.05.02"]
[Round "11.116"]
[White "Williams, Simon K"]
[Black "Le Roux, Jean-Pierre"]
[Result "0-1"]
[WhiteElo "2452"]
[BlackElo "2557"]
[PlyCount "91"]
[EventDate "2016.05.02"]
[WhiteTeam "Cheddleton 1"]
[BlackTeam "Guildford 1"]

1. d4 Nf6 2. c4 g6 3. Nc3 d5 4. cxd5 Nxd5 5. e4 Nxc3 6. bxc3 Bg7 7. Bc4 c5 8.
Ne2 Nc6 9. Be3 O-O 10. O-O Qc7 11. Rc1 Rd8 12. Bd3 b6 13. f4 e6 14. Qe1 f5 15.
Qf2 Ne7 16. Rfd1 c4 17. Bb1 Bb7 18. Ng3 fxe4 19. Nxe4 Nf5 20. Re1 Rf8 21. Ng5
Bd5 22. Bd2 Rae8 23. g4 Nh6 24. Qg3 b5 25. Nf3 Nf7 26. Rf1 a5 27. h4 Qb7 28.
Rce1 b4 29. Qh3 bxc3 30. Bxc3 Nd6 31. Ng5 Bf6 32. h5 Qg7 33. hxg6 hxg6 34. Re5
Bxe5 35. dxe5 Nb5 36. Rf2 Nxc3 37. Qxc3 Rb8 38. Bc2 Rbd8 39. Qe3 c3 40. Rh2 Rd7
41. Rh4 Rb7 42. Qg3 Rb2 43. Rh7 Qxh7 44. Nxh7 Rxc2 45. Qh4 Rg2+ 46. Kf1 0-1

[Event "4NCL Division 1c"]
[Site "Birmingham, ENG"]
[Date "2016.05.02"]
[Round "11.117"]
[White "Pert, Nicholas"]
[Black "Kirk, Ezra"]
[Result "1/2-1/2"]
[WhiteElo "2572"]
[BlackElo "2337"]
[PlyCount "90"]
[EventDate "2016.05.02"]
[WhiteTeam "Guildford 1"]
[BlackTeam "Cheddleton 1"]

1. d4 Nf6 2. Nf3 g6 3. g3 Bg7 4. Bg2 c5 5. c3 Qc7 6. O-O O-O 7. Re1 d5 8. Bf4
Qb6 9. Qb3 Nc6 10. Rd1 Bf5 11. Na3 Be4 12. dxc5 Qxc5 13. h3 b6 14. Qa4 Rac8 15.
Rac1 Qa5 16. Qxa5 bxa5 17. Ne5 Bxg2 18. Kxg2 e6 19. Nxc6 Rxc6 20. Be5 a6 21.
Nc2 Ne4 22. Bxg7 Kxg7 23. f3 Nd6 24. Nd4 Rb6 25. b3 Rc8 26. e3 a4 27. Kf2 Kf6
28. g4 e5 29. Ne2 Ke6 30. b4 Rbc6 31. Ke1 f5 32. f4 Nc4 33. fxe5 Kxe5 34. Nd4
Nxe3 35. Nxc6+ Rxc6 36. Rd3 f4 37. Ke2 g5 38. Kf3 h5 39. gxh5 Rh6 40. Re1 Rxh5
41. Rdxe3+ fxe3 42. Rxe3+ Kf5 43. Ke2 Rh4 44. Kd3 Rf4 45. a3 Rh4 1/2-1/2

[Event "4NCL Division 1c"]
[Site "Birmingham, ENG"]
[Date "2016.05.02"]
[Round "11.118"]
[White "Steil-Antoni, Fiona"]
[Black "Stefanova, Antoaneta"]
[Result "0-1"]
[WhiteElo "2185"]
[BlackElo "2507"]
[PlyCount "96"]
[EventDate "2016.05.02"]
[WhiteTeam "Cheddleton 1"]
[BlackTeam "Guildford 1"]

1. e4 g6 2. f4 d5 3. e5 c5 4. Nf3 Nc6 5. d3 Bg7 6. c3 f6 7. exf6 Nxf6 8. g3 Bf5
9. Bg2 Qb6 10. Nh4 Bg4 11. Qc2 e5 12. O-O O-O 13. h3 Bd7 14. Kh2 exf4 15. Bxf4
Nh5 16. Bxd5+ Kh8 17. Nd2 Nxf4 18. Rxf4 Rxf4 19. gxf4 Ne7 20. Be4 Qe6 21. Ng2
Qxh3+ 22. Kg1 Nf5 23. Nf3 Ng3 24. Kf2 Nxe4+ 25. dxe4 Rf8 26. Qb3 Bc6 27. Ng5
Qd7 28. Rd1 Qe7 29. Ne6 Re8 30. Nxg7 Kxg7 31. e5 Rf8 32. e6 Rf6 33. Re1 Bxg2
34. Kxg2 Rxf4 35. Qd5 Rf5 36. Qd7 Kf6 37. Qc8 h5 38. Qh8+ Kg5 39. Re3 Kf4 40.
Qh6+ g5 41. Rf3+ Ke5 42. Re3+ Kd6 43. Qxh5 Re5 44. Qd1+ Kxe6 45. Qg4+ Kd6 46.
Rd3+ Kc7 47. Rd2 Re4 48. Qg3+ Kc6 0-1

[Event "4NCL Division 1c"]
[Site "Birmingham, ENG"]
[Date "2016.05.02"]
[Round "11.121"]
[White "Cox, John J"]
[Black "Speelman, Jon S"]
[Result "1/2-1/2"]
[WhiteElo "2341"]
[BlackElo "2518"]
[PlyCount "38"]
[EventDate "2016.05.02"]
[WhiteTeam "Barbican 4NCL 2"]
[BlackTeam "Wood Green HK"]

1. g3 d5 2. Nf3 c6 3. Bg2 Bg4 4. O-O Nd7 5. c4 e6 6. b3 Ngf6 7. Bb2 Bd6 8. d3
O-O 9. Nbd2 Re8 10. Qc2 e5 11. e3 h6 12. a3 a5 13. e4 dxe4 14. Nxe4 Nxe4 15.
dxe4 Bxf3 16. Bxf3 Qe7 17. Rfd1 Nf8 18. Bg4 Bc5 19. a4 Rad8 1/2-1/2

[Event "4NCL Division 1c"]
[Site "Birmingham, ENG"]
[Date "2016.05.02"]
[Round "11.122"]
[White "Pert, Richard G"]
[Black "Griffiths, Ryan Rhys"]
[Result "1/2-1/2"]
[WhiteElo "2441"]
[BlackElo "2351"]
[PlyCount "43"]
[EventDate "2016.05.02"]
[WhiteTeam "Wood Green HK"]
[BlackTeam "Barbican 4NCL 2"]

1. d4 Nf6 2. Nf3 e6 3. Bf4 c5 4. e3 cxd4 5. exd4 b6 6. Nbd2 Bb7 7. h3 Be7 8.
Bd3 O-O 9. O-O d6 10. Re1 Nbd7 11. Bh2 Re8 12. a4 a6 13. c3 Bf8 14. Qc2 Rc8 15.
Rad1 g6 16. Ne4 Nxe4 17. Bxe4 Bxe4 18. Qxe4 Nf6 19. Qd3 Ra8 20. c4 Qd7 21. b3
b5 22. axb5 1/2-1/2

[Event "4NCL Division 1c"]
[Site "Birmingham, ENG"]
[Date "2016.05.02"]
[Round "11.123"]
[White "Sowray, Peter J"]
[Black "Greet, Andrew N"]
[Result "0-1"]
[WhiteElo "2365"]
[BlackElo "2456"]
[PlyCount "98"]
[EventDate "2016.05.02"]
[WhiteTeam "Barbican 4NCL 2"]
[BlackTeam "Wood Green HK"]

1. Nf3 d5 2. d4 Nf6 3. c4 e6 4. g3 Be7 5. Bg2 O-O 6. O-O dxc4 7. Qa4 Bd7 8.
Qxc4 Bc6 9. Bg5 Nbd7 10. Nbd2 h6 11. Bxf6 Nxf6 12. Rac1 Rc8 13. Rfd1 Qd5 14.
Nb3 Qxc4 15. Rxc4 Bd5 16. Rc2 Bxb3 17. axb3 Rfd8 18. Ra1 a6 19. Ne5 c6 20. e3
Bd6 21. Nd3 Nd5 22. Kf1 Nb4 23. Nxb4 Bxb4 24. Ke2 Rc7 25. f4 g6 26. Bf3 Kg7 27.
Rg1 Rcd7 28. g4 c5 29. Rd1 a5 30. Kd3 g5 31. fxg5 hxg5 32. Kc4 cxd4 33. Rxd4
Rc7+ 34. Kd3 Rxc2 35. Kxc2 Rh8 36. Bxb7 Rxh2+ 37. Kd3 Rxb2 38. Kc4 Rc2+ 39. Kd3
Rc3+ 40. Ke2 Rxb3 41. Bc6 Kf6 42. Be8 Ke7 43. Ba4 Ra3 44. Rd7+ Kf6 45. Bc6 Bc5
46. e4 Re3+ 47. Kd2 Rg3 48. Rc7 Bb4+ 49. Ke2 Rc3 0-1

[Event "4NCL Division 1c"]
[Site "Birmingham, ENG"]
[Date "2016.05.02"]
[Round "11.124"]
[White "McDonald, Neil"]
[Black "Dorrington, Chris J"]
[Result "1-0"]
[WhiteElo "2418"]
[BlackElo "2336"]
[PlyCount "85"]
[EventDate "2016.05.02"]
[WhiteTeam "Wood Green HK"]
[BlackTeam "Barbican 4NCL 2"]

1. e4 c5 2. Nf3 d6 3. d4 Nf6 4. Nc3 cxd4 5. Nxd4 e6 6. Be2 Be7 7. Be3 a6 8. O-O
O-O 9. f4 Qc7 10. a4 b6 11. Bf3 Bb7 12. Qd2 Nbd7 13. Rae1 Rfe8 14. Bf2 Nf8 15.
g4 e5 16. Nde2 exf4 17. Nxf4 Ne6 18. Nfd5 Bxd5 19. exd5 Nf8 20. Bd4 Ng6 21. g5
Nd7 22. Bh5 Nde5 23. Bxe5 dxe5 24. Bxg6 hxg6 25. Ne4 Rad8 26. b3 Bc5+ 27. Kh1
b5 28. axb5 axb5 29. c4 bxc4 30. bxc4 Bd4 31. Qd3 Rd7 32. Rf6 Rb8 33. Rc6 Qa5
34. Rf1 Qa2 35. Qf3 Rf8 36. Rxg6 fxg6 37. Qxf8+ Kh7 38. Qf3 Qxc4 39. Qh3+ Kg8
40. Qe6+ Kh7 41. Nf6+ gxf6 42. Qxd7+ Kg8 43. Qe6+ 1-0

[Event "4NCL Division 1c"]
[Site "Birmingham, ENG"]
[Date "2016.05.02"]
[Round "11.126"]
[White "Fitzsimons, David"]
[Black "Poobalasingam, Peter S"]
[Result "1-0"]
[WhiteElo "2385"]
[BlackElo "2221"]
[PlyCount "49"]
[EventDate "2016.05.02"]
[WhiteTeam "Wood Green HK"]
[BlackTeam "Barbican 4NCL 2"]

1. e4 d6 2. d4 Nf6 3. Nc3 e5 4. Nf3 Nbd7 5. Bc4 Be7 6. a4 O-O 7. O-O a6 8. a5
h6 9. h3 Re8 10. Be3 exd4 11. Bxd4 Bf8 12. Re1 c5 13. Bxf6 Qxf6 14. Nd5 Qd8 15.
Qd3 Ra7 16. Qb3 Nb8 17. e5 Be6 18. Nf4 Bxc4 19. Qxc4 dxe5 20. Nxe5 b5 21. axb6
Rae7 22. Nfd3 Re6 23. Nxf7 Kxf7 24. Rxe6 Rxe6 25. Re1 1-0

[Event "4NCL Division 1c"]
[Site "Birmingham, ENG"]
[Date "2016.05.02"]
[Round "11.127"]
[White "O'Toole, George E"]
[Black "Shaw, John"]
[Result "0-1"]
[WhiteElo "2241"]
[BlackElo "2451"]
[PlyCount "120"]
[EventDate "2016.05.02"]
[WhiteTeam "Barbican 4NCL 2"]
[BlackTeam "Wood Green HK"]

1. e4 d5 2. exd5 Qxd5 3. Nc3 Qd8 4. g3 Nc6 5. Bg2 e5 6. Nge2 Bc5 7. d3 Nge7 8.
O-O O-O 9. Na4 Bd6 10. Be3 Nf5 11. Bc5 Bd7 12. Bxd6 cxd6 13. Nac3 Rc8 14. Nd5
Be6 15. Qd2 Qd7 16. c3 Nfe7 17. c4 Nf5 18. f4 f6 19. b4 Ncd4 20. Nxd4 Nxd4 21.
b5 Rc5 22. Rab1 Bxd5 23. Bxd5+ Rxd5 24. cxd5 Rc8 25. Rb2 Rc5 26. a4 Rxd5 27.
Rb4 Rc5 28. Rc4 Rxc4 29. Qa2 Ne2+ 30. Kf2 d5 31. dxc4 Nc3 32. Qc2 d4 33. fxe5
fxe5 34. Ke1 e4 35. Qf2 h6 36. Qf8+ Kh7 37. Qf5+ Qxf5 38. Rxf5 e3 39. Rf3 b6
40. g4 h5 41. gxh5 Kh6 42. Rg3 Kxh5 43. a5 bxa5 44. c5 a4 45. b6 axb6 46. cxb6
a3 47. Rg2 d3 48. b7 d2+ 49. Rxd2 exd2+ 50. Kxd2 a2 51. b8=Q Nb1+ 52. Ke3 a1=Q
53. Qe8+ g6 54. Qb5+ Kh6 55. h4 Qc3+ 56. Kf4 Qf6+ 57. Kg4 Nc3 58. Qd3 Qe6+ 59.
Kf4 Nd5+ 60. Kf3 Qh3+ 0-1

[Event "4NCL Division 1c"]
[Site "Birmingham, ENG"]
[Date "2016.05.02"]
[Round "11.128"]
[White "Longson, Sarah N"]
[Black "Regan, Natasha K"]
[Result "1/2-1/2"]
[WhiteElo "2107"]
[BlackElo "2024"]
[PlyCount "56"]
[EventDate "2016.05.02"]
[WhiteTeam "Wood Green HK"]
[BlackTeam "Barbican 4NCL 2"]

1. e4 e5 2. Nf3 Nc6 3. Bc4 Nf6 4. d3 Bc5 5. c3 d6 6. a4 a5 7. O-O Ne7 8. d4
exd4 9. cxd4 Bb4 10. e5 dxe5 11. dxe5 Qxd1 12. Rxd1 Ne4 13. Rd4 Nc5 14. Ng5 Ne6
15. Rd1 O-O 16. Na3 Nxg5 17. Bxg5 Ng6 18. Nb5 Bg4 19. Rdc1 Nxe5 20. Nxc7 Rac8
21. Bb5 f6 22. Be3 Rfd8 23. h3 Bf5 24. g4 Be4 25. Ne6 Rxc1+ 26. Rxc1 Rd6 27.
Nc5 Bf3 28. Nb3 h5 1/2-1/2

[Event "4NCL Division 1c"]
[Site "Birmingham, ENG"]
[Date "2016.05.02"]
[Round "11.131"]
[White "Adair, James R"]
[Black "Turner, Matthew J"]
[Result "1/2-1/2"]
[WhiteElo "2474"]
[BlackElo "2509"]
[PlyCount "27"]
[EventDate "2016.05.02"]
[WhiteTeam "White Rose 1"]
[BlackTeam "Barbican 4NCL 1"]

1. e4 e5 2. Nf3 Nf6 3. Nxe5 d6 4. Nf3 Nxe4 5. d4 d5 6. Bd3 Be7 7. O-O Nc6 8.
Nc3 Nxc3 9. bxc3 Bg4 10. Re1 O-O 11. Bf4 Bh5 12. Re3 Bd6 13. Bxd6 Qxd6 14. Qe2
1/2-1/2

[Event "4NCL Division 1c"]
[Site "Birmingham, ENG"]
[Date "2016.05.02"]
[Round "11.132"]
[White "Collins, Sam E"]
[Black "Palliser, Richard J D"]
[Result "1/2-1/2"]
[WhiteElo "2439"]
[BlackElo "2416"]
[PlyCount "145"]
[EventDate "2016.05.02"]
[WhiteTeam "Barbican 4NCL 1"]
[BlackTeam "White Rose 1"]

1. e4 c5 2. Nf3 d6 3. c3 Nf6 4. Be2 Nbd7 5. d3 b6 6. O-O Bb7 7. Nbd2 g6 8. d4
Bg7 9. e5 dxe5 10. dxe5 Nd5 11. e6 fxe6 12. Ng5 Nc7 13. Qb3 Ne5 14. Nxe6 Nxe6
15. Qxe6 Bd5 16. Bb5+ Kf8 17. Qh3 Qc8 18. Qg3 c4 19. b3 a6 20. Bxc4 Nxc4 21.
Nxc4 Bxc4 22. bxc4 Bf6 23. Bh6+ Kf7 24. Rab1 Qxc4 25. Rxb6 Rhc8 26. Bg5 Qc5 27.
Be3 Qxc3 28. Qh3 Kg8 29. Qe6+ Kg7 30. Rxa6 Rxa6 31. Qxa6 Qc6 32. Qxc6 Rxc6 33.
Rc1 Ra6 34. Rc2 h5 35. Kf1 Kf7 36. Ke2 Ke6 37. h3 Ra4 38. Bc5 Kd5 39. a3 Re4+
40. Kd3 Ra4 41. Bb4 Ra8 42. Rc5+ Ke6 43. Kc4 Be5 44. Rc6+ Bd6 45. Kb5 Kd5 46.
Rc2 Rb8+ 47. Ka4 g5 48. f3 g4 49. hxg4 hxg4 50. fxg4 Rg8 51. Kb3 Rxg4 52. Bxd6
exd6 53. a4 Rg8 54. a5 Ke4 55. a6 Ra8 56. Ra2 d5 57. a7 Ke3 58. Ra1 d4 59. Re1+
Kd2 60. Re7 d3 61. g4 Kd1 62. g5 d2 63. Kb2 Rc8 64. g6 Rc2+ 65. Kb3 Rc8 66. Kb2
Rc2+ 67. Ka3 Rc8 68. Rc7 Ra8 69. Kb2 Ke2 70. Re7+ Kd3 71. Rd7+ Ke2 72. Re7+ Kd3
73. Rd7+ 1/2-1/2

[Event "4NCL Division 1c"]
[Site "Birmingham, ENG"]
[Date "2016.05.02"]
[Round "11.133"]
[White "Emms, John M"]
[Black "Merry, Alan B"]
[Result "1/2-1/2"]
[WhiteElo "2463"]
[BlackElo "2375"]
[PlyCount "48"]
[EventDate "2016.05.02"]
[WhiteTeam "White Rose 1"]
[BlackTeam "Barbican 4NCL 1"]

1. e4 d5 2. exd5 Qxd5 3. Nc3 Qd6 4. d4 c6 5. Ne4 Qe6 6. Qe2 Nf6 7. Nxf6+ Qxf6
8. c3 Bf5 9. g3 Nd7 10. Nf3 h6 11. Bg2 e6 12. Bf4 Qd8 13. Ne5 Be7 14. O-O Nxe5
15. Bxe5 O-O 16. Rfd1 Qb6 17. c4 Rad8 18. d5 cxd5 19. cxd5 Rfe8 20. Bd4 Bc5 21.
Bxc5 Qxc5 22. dxe6 Bxe6 23. Rxd8 Rxd8 24. a3 b6 1/2-1/2

[Event "4NCL Division 1c"]
[Site "Birmingham, ENG"]
[Date "2016.05.02"]
[Round "11.134"]
[White "Grafl, Florian"]
[Black "Wells, Peter K"]
[Result "1/2-1/2"]
[WhiteElo "2398"]
[BlackElo "2424"]
[PlyCount "56"]
[EventDate "2016.05.02"]
[WhiteTeam "Barbican 4NCL 1"]
[BlackTeam "White Rose 1"]

1. b3 Nf6 2. Bb2 g6 3. Bxf6 exf6 4. c4 f5 5. g3 d5 6. cxd5 Qxd5 7. Nf3 Bg7 8.
Nc3 Qa5 9. Rc1 O-O 10. Bg2 c5 11. O-O Rd8 12. Na4 Na6 13. Qc2 Be6 14. d3 Rac8
15. Qd2 Qb4 16. Nc3 c4 17. bxc4 Rxc4 18. Nb1 Qxd2 19. Nfxd2 Rxc1 20. Rxc1 b6
21. e3 Bxa2 22. d4 Nb4 23. Rc7 a5 24. Nc3 Be6 25. Nc4 Na6 26. Rc6 Nb4 27. Rc7
Na6 28. Rc6 Nb4 1/2-1/2

[Event "4NCL Division 1c"]
[Site "Birmingham, ENG"]
[Date "2016.05.02"]
[Round "11.135"]
[White "Gourlay, Iain"]
[Black "Jackson, James P"]
[Result "0-1"]
[WhiteElo "2400"]
[BlackElo "2348"]
[PlyCount "106"]
[EventDate "2016.05.02"]
[WhiteTeam "White Rose 1"]
[BlackTeam "Barbican 4NCL 1"]

1. Nf3 Nf6 2. c4 g6 3. g3 Bg7 4. Bg2 O-O 5. Nc3 c6 6. d4 d5 7. cxd5 cxd5 8. Ne5
Nc6 9. O-O e6 10. Nxc6 bxc6 11. Bf4 Nd7 12. Rc1 Qb6 13. Na4 Qxd4 14. Rxc6 Nb6
15. Nxb6 axb6 16. Bd6 Re8 17. Qxd4 Bxd4 18. e3 Bxb2 19. Rb1 Ba3 20. Bxa3 Rxa3
21. Rc2 Ba6 22. Rxb6 Ra8 23. Rc7 Rxa2 24. h4 Bd3 25. Rbb7 Rf8 26. Bh3 Be4 27.
Bg2 Bf5 28. Bf3 Ra4 29. Rd7 Kg7 30. Kg2 h6 31. Bd1 Be4+ 32. Bf3 Bd3 33. Rd6 Bf5
34. Bd1 Be4+ 35. Bf3 Kf6 36. Bxe4 Rxe4 37. Kf3 g5 38. hxg5+ hxg5 39. Rdd7 g4+
40. Kg2 Kg6 41. Rdc7 f5 42. Rd7 Ra8 43. Rb6 Ra5 44. Re7 Kf6 45. Rd7 Ra2 46. Kf1
d4 47. exd4 Ree2 48. Rb8 Rxf2+ 49. Ke1 f4 50. Rf8+ Kg6 51. Ra7 Rae2+ 52. Kd1 f3
53. Raf7 Rf1# 0-1

[Event "4NCL Division 1c"]
[Site "Birmingham, ENG"]
[Date "2016.05.02"]
[Round "11.136"]
[White "Sanders, Isaac B"]
[Black "McNab, Colin A"]
[Result "1/2-1/2"]
[WhiteElo "2353"]
[BlackElo "2435"]
[PlyCount "49"]
[EventDate "2016.05.02"]
[WhiteTeam "Barbican 4NCL 1"]
[BlackTeam "White Rose 1"]

1. e4 g6 2. Nc3 Bg7 3. f4 d6 4. Nf3 Nc6 5. Bc4 Nf6 6. d3 O-O 7. O-O Na5 8. Bb3
e5 9. Qe1 c6 10. fxe5 dxe5 11. Qh4 Nxb3 12. axb3 Nh5 13. Qxd8 Rxd8 14. Be3 a6
15. Na4 Bg4 16. Nb6 Rab8 17. Bc5 Nf4 18. Be7 Re8 19. Bd6 Rbd8 20. Bc7 Bxf3 21.
Rxf3 Rd4 22. Nc4 Re7 23. Bb6 Rdd7 24. Bc5 Re6 25. Raf1 1/2-1/2

[Event "4NCL Division 1c"]
[Site "Birmingham, ENG"]
[Date "2016.05.02"]
[Round "11.137"]
[White "Gantner, Matthias"]
[Black "D'Costa, Lorin A R"]
[Result "0-1"]
[WhiteElo "2286"]
[BlackElo "2396"]
[PlyCount "182"]
[EventDate "2016.05.02"]
[WhiteTeam "White Rose 1"]
[BlackTeam "Barbican 4NCL 1"]

1. e4 c6 2. d4 d5 3. f3 dxe4 4. fxe4 e5 5. Nf3 Bg4 6. Bc4 Nd7 7. O-O Ngf6 8. c3
Bd6 9. Bg5 O-O 10. Nbd2 h6 11. Bh4 Qc7 12. Qc2 b5 13. Bb3 Bh5 14. dxe5 Bc5+ 15.
Nd4 Ng4 16. Rae1 Ngxe5 17. Kh1 Rae8 18. a4 a6 19. Bg3 Bg6 20. axb5 axb5 21.
N2f3 Qb6 22. Nh4 Bh7 23. Nhf5 b4 24. h3 Rb8 25. Nf3 Rbe8 26. Rd1 bxc3 27. bxc3
Nxf3 28. Rxd7 Ng5 29. Nd6 Nxe4 30. Nxe4 Bxe4 31. Rdxf7 Rxf7 32. Bxf7+ Kh8 33.
Qa4 Qb2 34. Bf2 Qxc3 35. Kh2 Bd6+ 36. Kg1 Qe5 37. g3 Qf5 38. Bxe8 Qf3 39. Qxe4
Qxe4 40. Re1 Qc2 41. h4 Bc5 42. Bxc5 Qxc5+ 43. Kg2 Qd5+ 44. Kh3 Qf5+ 45. Kg2 g5
46. hxg5 hxg5 47. Re2 Qd5+ 48. Kh3 Qh1+ 49. Kg4 Qd1 50. Kf3 Qf1+ 51. Ke3 g4 52.
Kd2 Qf6 53. Re3 c5 54. Kd3 Qd4+ 55. Ke2 Qb2+ 56. Kd3 Kg7 57. Bc6 Qb3+ 58. Kd2
Qa2+ 59. Ke1 Qa1+ 60. Kd2 Qa2+ 61. Ke1 Kf6 62. Be4 Qa1+ 63. Kd2 Qd4+ 64. Ke2
Qb2+ 65. Ke1 Ke5 66. Bc2+ Kd4 67. Rd3+ Kc4 68. Kd2 Qh8 69. Rb3 Qh2+ 70. Kd1
Qg1+ 71. Kd2 Qf2+ 72. Kd1 Kd4 73. Rd3+ Ke5 74. Bb3 Qg2 75. Kc1 Qc6 76. Bd1 c4
77. Rc3 Kd4 78. Rc2 Qh6+ 79. Kb2 c3+ 80. Kb1 Qh1 81. Kc1 Qg1 82. Ra2 Qe3+ 83.
Kb1 Qe1 84. Kc1 Qe3+ 85. Kb1 Qd3+ 86. Kc1 Qxg3 87. Ra4+ Kd3 88. Bc2+ Ke3 89.
Re4+ Kf3 90. Rd4 Qe1+ 91. Bd1+ Ke3 0-1

[Event "4NCL Division 1c"]
[Site "Birmingham, ENG"]
[Date "2016.05.02"]
[Round "11.138"]
[White "Lauterbach, Ingrid"]
[Black "Motycakova, Monika"]
[Result "1/2-1/2"]
[WhiteElo "2116"]
[BlackElo "2176"]
[PlyCount "77"]
[EventDate "2016.05.02"]
[WhiteTeam "Barbican 4NCL 1"]
[BlackTeam "White Rose 1"]

1. Nf3 d5 2. g3 c6 3. Bg2 Bg4 4. O-O Nd7 5. c4 e6 6. cxd5 exd5 7. d4 Bd6 8. Nc3
Ngf6 9. Qb3 Qb6 10. Qxb6 axb6 11. Nd2 Be6 12. f3 h5 13. e4 Bc7 14. e5 Ng8 15.
f4 Ne7 16. Nf3 b5 17. Bd2 Bb6 18. a4 bxa4 19. Nxa4 Bc7 20. Bb4 Nf5 21. Nc5
O-O-O 22. Ra8+ Bb8 23. Nxe6 fxe6 24. Ng5 Nb6 25. Rxb8+ Kxb8 26. Nxe6 Rdg8 27.
Bh3 g6 28. Ng5 Nc8 29. e6 Re8 30. Re1 Nce7 31. Nf7 Rhg8 32. Ne5 Kc8 33. Nd7 Rg7
34. Bc5 Ng8 35. Re5 Kc7 36. Bb6+ Kd6 37. Bc5+ Kc7 38. Bb6+ Kd6 39. Bc5+ 1/2-1/2

[Event "4NCL Division 1c"]
[Site "Birmingham, ENG"]
[Date "2016.05.02"]
[Round "11.141"]
[White "Gormally, Daniel W"]
[Black "Smerdon, David C"]
[Result "1-0"]
[WhiteElo "2490"]
[BlackElo "2529"]
[PlyCount "89"]
[EventDate "2016.05.02"]
[WhiteTeam "Blackthorne Russia"]
[BlackTeam "Guildford 2"]

1. e4 e6 2. Nf3 d5 3. Nc3 Nf6 4. e5 Nfd7 5. d4 c5 6. dxc5 Nc6 7. Bf4 Be7 8. Qd2
Nxc5 9. a3 a6 10. b4 Nd7 11. Be2 b5 12. O-O h6 13. h3 Bb7 14. Rfe1 Rc8 15. Bd3
Nb6 16. Ne2 Nc4 17. Bxc4 dxc4 18. Qe3 Qc7 19. Nc3 Nb8 20. Nd2 Nd7 21. Nde4 g5
22. Bg3 Nxe5 23. Qd4 f6 24. Nxf6+ Bxf6 25. Bxe5 Qc6 26. f3 Rd8 27. Qe3 O-O 28.
Bxf6 Rxf6 29. Ne4 Rf5 30. Rad1 Rdd5 31. Nc3 Rxd1 32. Rxd1 Kh7 33. Rd8 Rf4 34.
Ne4 Rf7 35. Nc5 Qc7 36. Nxe6 Qg3 37. Nf8+ Kg7 38. Qd4+ Kg8 39. Nd7+ Kh7 40.
Nf6+ Kg6 41. Rg8+ Kf5 42. Ng4 Bxf3 43. Ne3+ Ke6 44. Re8+ Re7 45. Rxe7+ 1-0

[Event "4NCL Division 1c"]
[Site "Birmingham, ENG"]
[Date "2016.05.02"]
[Round "11.142"]
[White "Hebden, Mark L"]
[Black "Hunt, Harriet V"]
[Result "1-0"]
[WhiteElo "2489"]
[BlackElo "2449"]
[PlyCount "95"]
[EventDate "2016.05.02"]
[WhiteTeam "Guildford 2"]
[BlackTeam "Blackthorne Russia"]

1. d4 Nf6 2. Nf3 e6 3. Bg5 c5 4. e3 b6 5. d5 exd5 6. Nc3 Bb7 7. Nxd5 Bxd5 8.
Bxf6 Qxf6 9. Qxd5 Nc6 10. O-O-O Rd8 11. c3 Be7 12. Bc4 O-O 13. Rd2 Na5 14. Rhd1
d6 15. h4 h6 16. Bd3 Qe6 17. Be2 Rb8 18. Bb5 Rfd8 19. g3 a6 20. Bf1 b5 21. Ng1
Qxd5 22. Rxd5 Rb6 23. Nf3 Re8 24. Nd2 Bf6 25. Bg2 b4 26. c4 b3 27. a3 Re6 28.
Rd3 h5 29. Kb1 Kf8 30. Rc1 g6 31. Ne4 Bg7 32. Ng5 Re7 33. Bd5 Ke8 34. f4 Bh8
35. Bf3 Kd7 36. g4 hxg4 37. Bxg4+ Kc7 38. Bf3 f5 39. Bd5 Bf6 40. Ne6+ Kc8 41.
Rg1 Bxh4 42. Rxg6 Nc6 43. Rh6 Bf2 44. Kc1 Be1 45. Rd1 Ba5 46. Rg1 Re8 47. Rg7
Ne7 48. Rxe7 1-0

[Event "4NCL Division 1c"]
[Site "Birmingham, ENG"]
[Date "2016.05.02"]
[Round "11.143"]
[White "Ledger, Andrew J"]
[Black "Suarez Real, Alberto"]
[Result "1/2-1/2"]
[WhiteElo "2379"]
[BlackElo "2412"]
[PlyCount "40"]
[EventDate "2016.05.02"]
[WhiteTeam "Blackthorne Russia"]
[BlackTeam "Guildford 2"]

1. d4 Nf6 2. c4 g6 3. Nf3 Bg7 4. g3 O-O 5. Bg2 c5 6. O-O cxd4 7. Nxd4 d5 8.
cxd5 Nxd5 9. Nc3 Nxc3 10. bxc3 Nc6 11. Nxc6 bxc6 12. Ba3 Be6 13. Qa4 Qc7 14.
Bxc6 Rac8 15. Bf3 Bxc3 16. Rac1 Rfd8 17. Bb2 Qa5 18. Qxa5 Bxa5 19. Rxc8 Rxc8
20. Bd4 Bb6 1/2-1/2